Rekvalifikace v procesu celoživotního vzdělávání.

Proces celoživotného vzdelávania a fenomén rekvalifikácie ako súčasť tohto procesu. Základom rekvalifikácie je rekvalifikačný program. Po počiatočnej nútenej rekvalifikácii by sa v budúcnosti mala stať súčasťou života zamestnancov.

Uložené v:
Podrobná bibliografia
Hlavný autor: Fiala, Bohumil
Médium: Kapitola
Jazyk:Czech
Predmet:
Tagy: Pridať tag
Žiadne tagy, Buďte prvý, kto otaguje tento záznam!

MARC

LEADER 00000naa a2200000 4500
001 r012508
005 20220826093743.1
041 0 |a cze 
044 |a CZ 
245 1 0 |a Rekvalifikace v procesu celoživotního vzdělávání.  |c Bohumil Fiala 
520 |a Proces celoživotného vzdelávania a fenomén rekvalifikácie ako súčasť tohto procesu. Základom rekvalifikácie je rekvalifikačný program. Po počiatočnej nútenej rekvalifikácii by sa v budúcnosti mala stať súčasťou života zamestnancov. 
610 2 0 |a rekvalifikácia 
610 2 0 |a vzdelávanie celoživotné 
610 2 0 |a vzdelávanie 
610 2 0 |a zamestnanci 
610 2 0 |a Čechy 
610 2 0 |a sústava výchovno-vzdelávacia 
100 1 |a Fiala, Bohumil